Sports Quiz

Random Sports or NBA Quiz

Nba chain game Quiz Stats

 Plays Quiz not verified by Sporcle

Challenge
Share
Tweet
Embed
Score 0/10 Timer 05:00
0 Plays Today
% Correct
The NBA
98.6%
1946
96.6%
Vlade divac
85%
The Sacramento Kings
84.3%
Lakers
78.8%
Duke
74.7%
Steph curry
65.5%
The end
52.9%
Kyrie Irving
40.6%
Lebron James
23.2%

You're not logged in!

Compare scores with friends on all Sporcle quizzes.
Join for Free
OR
Log In

You Might Also Like...

Show Comments

Extras

Top Quizzes Today


Score Distribution

Your Account Isn't Verified!

In order to create a playlist on Sporcle, you need to verify the email address you used during registration. Go to your Sporcle Settings to finish the process.

Report this User

Report this user for behavior that violates our Community Guidelines.

Details: